El gigante egoista y otros cuentos

Saved in:
Bibliografiske detaljer
Hovedforfatter: Wilde, Oscar (Author)
Format: Bog
Sprog:spansk
Udgivet: Santiago Andrés Bello 1994
Serier:Gran biblioteca Icarito
Fag:
Tags: Tilføj Tag
Ingen Tags, Vær først til at tagge denne postø!

MARC

LEADER 00000nam a2200000 a 4500
001 UCY1355
003 CL-VaPUC
008 940830e19940000CL |||||||||||||||||spa|d
082 0 4 |a 823  |b WIL  |2 21 
100 0 |a Wilde, Oscar  |e author  |9 329318 
245 1 3 |a El gigante egoista y otros cuentos 
300 |a 85 p 
942 |c BK 
945 |d 19940830 00:00:00  |a oaravena 
260 |a Santiago  |b Andrés Bello  |c 1994 
500 |a Contiene: El fantasma de Canterville -- El cumpleaños de la infanta -- El ruiseñor y la rosa 
650 0 |a Cuento infantil inglés  |9 310546 
583 |a last modification  |c 19940830 00:00:00  |k Rodrigo Vera 
490 0 |a Gran biblioteca Icarito 
999 |c 230086  |d 230084 
952 |0 0  |1 0  |4 0  |6 823_000000000000000_WIL_1994  |7 0  |8 A  |9 231982  |a BIBEDU  |b BIBEDU  |d 2019-11-15  |i 3016307  |o 823 WIL 1994  |p 3016307  |r 2019-11-15  |w 2019-11-15  |y BK  |k EPE